| 000 | 00577nam a22001937a 4500 | ||
|---|---|---|---|
| 999 |
_c3221 _d3221 |
||
| 003 | AR-CdUCM | ||
| 008 | 190306b ||||| |||| 00| 0 spa d | ||
| 040 |
_aMUNICIPALIDAD PROVINCIAL DEL CUSCO _cBIBLIOTECA MUNICIPAL DEL CUSCO |
||
| 082 |
_a869.508 / _bR666 |
||
| 100 |
_aRobles Godoy, Armando _910788 |
||
| 245 | _aVeinte casas en el cielo / | ||
| 260 |
_aLima : _bPopulibros Peruanos, _c1197. |
||
| 300 |
_a181 paginas ; _c16 cm. |
||
| 650 |
_aNovelas peruanas _9545 |
||
| 650 |
_aLiteratura peruana _9169 |
||
| 650 |
_aSiglo XX _98 |
||
| 942 |
_2ddc _cLIBROS |
||
| 945 | _arjall | ||